Evolución de las características y de los principios del derecho internacional ambiental y su aplicación en Colombia
সংরক্ষণ করুন:
| প্রধান লেখক: | |
|---|---|
| বিন্যাস: | গ্রন্থ |
| ভাষা: | স্প্যানিশ |
| প্রকাশিত: |
Bogotá
Universidad Externado de Colombia
2004
|
| সংস্করন: | 1a. ed |
| বিষয়গুলি: | |
| ট্যাগগুলো: |
ট্যাগ যুক্ত করুন
কোনো ট্যাগ নেই, প্রথমজন হিসাবে ট্যাগ করুন!
|
MARC
| LEADER | 00000nam a2200000 a 4500 | ||
|---|---|---|---|
| 001 | UCG0767 | ||
| 003 | CL-VaPUC | ||
| 008 | 100408e20040000CK |||||||||||||||||spa|d | ||
| 020 | |a 9586168026 | ||
| 082 | 0 | 4 | |a 341.762 |b ROJ |2 21 |
| 100 | 0 | |a Rojas Quiñónez, Claudia María |e author |9 548297 | |
| 245 | 1 | 0 | |a Evolución de las características y de los principios del derecho internacional ambiental y su aplicación en Colombia |
| 250 | |a 1a. ed | ||
| 300 | |a 593 p | ||
| 942 | |c BK | ||
| 945 | |d 20100408 00:00:00 |a rbrito | ||
| 260 | |a Bogotá |b Universidad Externado de Colombia |c 2004 | ||
| 650 | 0 | |a Derecho internacional |9 255637 | |
| 650 | 0 | |a Protección del medio ambiente |9 257626 | |
| 650 | 0 | |a Medio ambiente |9 257625 | |
| 650 | 0 | |a Derecho ambiental |9 257835 | |
| 650 | 0 | |a Ecología |9 258124 | |
| 583 | |a last modification |c 20161003 08:03:53 |k Rodrigo Vera | ||
| 999 | |c 340291 |d 340289 | ||
| 952 | |0 0 |1 0 |4 0 |6 341_762000000000000_ROJ_2004 |7 0 |8 A |9 434871 |a BIBING |b BIBING |d 2019-11-22 |i 4658809 |o 341.762 ROJ 2004 |p 4658809 |r 2025-01-20 |w 2019-11-22 |y BK |k GEO | ||